[Event "3rd HoliCup Lake City 2019"]
[Site "Udaipur"]
[Date "2019.03.30"]
[Round "6"]
[White "Chudasama Ankit"]
[Black "Bhagyashree Patil"]
[Result "1-0"]
[WhiteElo "1853"]
[BlackElo "1609"]
[Annotator "NA"]
[PlyCount "77"]
[EventDate "2019.??.??"]
[EventCountry "IND"]
[SourceTitle "playchess.com"]
[Source "ChessBase"]
[SourceQuality "1"]
[TimeControl "5400+30"]

{[%evp 8,67,19,14,32767,32767,32767,32767,21,32767,53,32767,32767,19,32767,37,35,32767,52,70,79,70,32767,32767,32767,71,60,70,70,69,72,68,32767,32767,32767,32767,32767,76,94,87,91,102,32767,32767,251,206,32767,32767,341,32767,32767,32767,32767,32767,32767,422,398,32767,32767,437,373,495]} 1. e4 e5 2. Nf3 Nc6 3. d4 exd4 4. Nxd4 Qf6 5. Nxc6 Bc5 6. Qf3 dxc6 7. Nc3 {C45: Scotch Game} Qxf3 (7... Be6 8. a3 O-O-O 9. Be3 Bxe3 10. Qxe3 Kb8 11. f4 Nh6 12. Bd3 Qe7 13. O-O-O f6 14. Rhe1 Nf7 {½-½ (58) Nepomniachtchi,I (2763)-Wang,H (2730) St Petersburg 2018}) 8. gxf3 Ne7 9. Be3 Bd6 10. f4 $146 ({Predecessor:} 10. O-O-O O-O 11. f4 Bb4 12. Ne2 Bg4 13. Rg1 Bf3 14. Bd4 f6 {1-0 (56) Chrobot,P-Zniszczol,W Jastrzebia Gora 2014}) 10... f6 11. Rg1 g6 12. Bc4 b5 13. Bb3 a6 14. a4 b4 15. Ne2 c5 16. f3 Nc6 17. h4 Na5 18. Bd5 $1 Bb7 19. O-O-O Rd8 20. h5 Bxd5 21. Rxd5 c6 22. Rxd6 Rxd6 23. Bxc5 Rd7 24. Bxb4 Nc4 25. b3 Nb6 26. hxg6 hxg6 27. Rxg6 Kf7 (27... Rh1+ {was called for.} 28. Kb2 Rb7) 28. Rxf6+ Kxf6 29. Bc3+ Kf7 30. Bxh8 Rd8 31. Bc3 Nc8 32. f5 Ne7 33. f4 $18 Rg8 34. f6 Rg2 35. Kd2 Ng8 36. e5 Nh6 37. Kd3 c5 38. Bd2 Ke6 39. f5+ 1-0

[Event "3rd HoliCup Lake City 2019"]
[Site "Udaipur"]
[Date "2019.03.30"]
[Round "6"]
[White "Falgun, D Purohit"]
[Black "Pandey Srishti"]
[Result "1/2-1/2"]
[WhiteElo "1727"]
[BlackElo "2020"]
[Annotator "NA"]
[PlyCount "139"]
[EventDate "2019.??.??"]
[EventCountry "IND"]
[SourceTitle "playchess.com"]
[Source "ChessBase"]
[SourceQuality "1"]
[TimeControl "5400+30"]

1. e4 d5 2. exd5 Nf6 3. d4 Bg4 4. Bb5+ Nbd7 5. f3 Bf5 6. Nc3 a6 7. Ba4 b5 {B01: Scandinavian Defence} 8. Bb3 $1 Nb6 9. Nge2 Nfxd5 {LiveBook: 11 Games} 10. Nxd5 Nxd5 11. O-O e6 12. Ng3 Bg6 13. f4 Be7 14. f5 exf5 15. Nxf5 Bf6 $146 ({Predecessor:} 15... Bxf5 16. Rxf5 {1-0 (38) Perez Candelario,M (2576)-Garcia Diaz,V (2134) La Roda 2017}) 16. Qf3 c6 $1 17. Re1+ Kf8 18. c3 h6 19. Bd2 Kg8 20. Re2 Kh7 21. Rae1 Qd7 {[#]} ({Black should try} 21... a5 $14) 22. Ng3 (22. Nxh6 $1 $16 gxh6 23. Bxd5 Bxd4+ 24. cxd4 Qxd5 25. Qf4) 22... Bh4 23. Re5 Rad8 24. R5e2 Rhf8 25. Rf1 Nf6 26. Re5 Bxg3 27. hxg3 Ng4 28. Re2 h5 29. Bg5 Rde8 30. Rfe1 Rxe2 31. Rxe2 Re8 32. Rxe8 Qxe8 33. Bd2 Qe7 34. Bd1 Qe6 35. Bb3 Qe8 36. Bd1 Nf6 37. Qe3 Qxe3+ 38. Bxe3 Be4 39. Bg5 $11 Ng4 40. a4 Kg6 41. Bd2 Nf6 42. axb5 axb5 43. b3 Kf5 44. c4 Bd3 45. Bf3 bxc4 46. bxc4 Bxc4 47. Bxc6 Bd5 48. Ba4 Ke4 49. Bc2+ (49. Bc1 $15) 49... Kxd4 50. Bg5 Ng4 51. Bd1 Be6 52. Bxg4 Bxg4 53. Kf2 Ke4 54. Bc1 Bd1 55. Bb2 g5 56. Bc1 Kf5 57. Bb2 Kg4 58. Bf6 Bb3 59. Be7 f5 60. Bf6 Bd5 61. Be7 f4 62. gxf4 Kxf4 63. Bd6+ Kg4 64. g3 Kh3 65. Bc7 Be6 66. Bd6 Bg4 67. Bc7 Bd1 68. Bd6 g4 69. Bc7 Kh2 70. Bd6 1/2-1/2

[Event "3rd HoliCup Lake City 2019"]
[Site "Udaipur"]
[Date "2019.03.30"]
[Round "6"]
[White "Sree Veeramani P"]
[Black "Heikrujam Jacky Singh"]
[Result "0-1"]
[WhiteElo "1712"]
[BlackElo "1886"]
[Annotator "NA"]
[PlyCount "45"]
[EventDate "2019.??.??"]
[EventCountry "IND"]
[SourceTitle "playchess.com"]
[Source "ChessBase"]
[SourceQuality "1"]
[TimeControl "5400+30"]

{[%evp 10,45,2,32767,32767,32767,32767,32767,32767,-36,40,44,32767,32767,32767,26,46,25,12,16,25,32767,32767,20,25,15,36,0,26,-175,32767,32767,32767,-597,-677,-29996,-29997,-29999]} 1. e4 c6 2. b3 d5 3. Bb2 dxe4 4. Nc3 Nf6 {B10: Caro-Kann: 2 d3 and 2 c4} 5. Nge2 Bg4 6. h3 Bh5 7. g4 Bg6 8. Ng3 e3 $146 ({Predecessor:} 8... h5 9. Bg2 hxg4 10. hxg4 Rxh1+ 11. Bxh1 Qd7 12. g5 {0-1 (32) Schoeller,W (2086)-Schneider,B (2433) Bayern 2000}) 9. fxe3 ({White should play} 9. dxe3 $14 Qa5 10. Bd3) 9... Qc7 10. Qf3 $1 Nbd7 11. O-O-O h6 12. Bg2 e6 13. Nce2 Bd6 14. Nf4 Bh7 15. Ngh5 Rg8 16. Nxf6+ Nxf6 17. Bxf6 gxf6 18. Nh5 O-O-O 19. Nxf6 $2 (19. Kb1 $1 $11 {and White stays safe.}) 19... Qa5 20. a4 Ba3+ 21. Kb1 Rxd2 ({Avoid the trap} 21... Qe5 $2 22. d4 $18) 22. Rxd2 Qc3 23. Rdd1 0-1

[Event "3rd HoliCup Lake City 2019"]
[Site "Udaipur"]
[Date "2019.03.30"]
[Round "6"]
[White "Cheniram, Pegu"]
[Black "Shubham"]
[Result "0-1"]
[WhiteElo "1698"]
[BlackElo "1880"]
[Annotator "NA"]
[PlyCount "71"]
[EventDate "2019.??.??"]
[EventCountry "IND"]
[SourceTitle "playchess.com"]
[Source "ChessBase"]
[SourceQuality "1"]
[TimeControl "5400+30"]

1. d4 d6 2. Nf3 Nd7 3. g3 Ngf6 4. Bg2 g6 5. c4 c6 6. Nc3 Bg7 7. O-O O-O 8. e4 Qc7 9. Re1 e5 10. d5 {E68: King's Indian: Fianchetto: 6...Nbd7 7 0-0 e5 8 e4} (10. h3 b6 11. b3 Bb7 12. Ba3 Rad8 13. Qc2 c5 14. dxc5 Nxc5 15. Rad1 Bc6 16. b4 Nb7 17. Bb2 Bd7 18. Qb3 {1-0 (40) Teterev,V (2501)-Jensson,E (2349) Bilbao 2014}) 10... cxd5 11. cxd5 Nc5 12. b4 Ncd7 $146 ({Predecessor:} 12... Na6 13. Qb3 Bd7 14. a4 Rfc8 15. Nb5 Bxb5 16. axb5 Nb8 17. Be3 Nbd7 18. Rec1 Qd8 19. Rxc8 {½-½ (19) Kindsvogel,R-Kapfer,T Germany 2001}) 13. Qb3 a5 14. Be3 axb4 15. Nb5 Qa5 16. Nxd6 b5 (16... Ra6 $16 {might work better.}) 17. Rec1 Ng4 18. Bh3 Nxe3 19. Qxe3 ({Much weaker is} 19. Rxc8 $6 Rfxc8 20. Nxc8 Rxc8 $11) 19... Nb6 20. Bf1 Ba6 21. Nd2 Na4 22. Nb3 Qd8 23. Rc6 $16 f5 24. Bxb5 Bxb5 25. Nxb5 Qd7 26. Nc7 f4 27. Qe1 Ra7 28. Ne6 Rb8 29. Nbc5 Nxc5 30. Rxc5 Bf8 31. Nxf8 Kxf8 32. Qc1 Qh3 33. Rc2 b3 34. axb3 f3 35. Qf1 Rxa1 36. b4 0-1

[Event "3rd HoliCup Lake City 2019"]
[Site "Udaipur"]
[Date "2019.03.30"]
[Round "6"]
[White "Pingale Shivraj"]
[Black "Joshi, Govind Ballabh"]
[Result "1/2-1/2"]
[WhiteElo "1600"]
[BlackElo "2128"]
[Annotator "NA"]
[PlyCount "45"]
[EventDate "2019.??.??"]
[EventCountry "IND"]
[SourceTitle "playchess.com"]
[Source "ChessBase"]
[SourceQuality "1"]
[TimeControl "5400+30"]

{[%evp 8,31,-10,32767,7,0,32767,32767,0,32767,36,18,32767,32,25,35,29,32767,32767,74,32767,53,60,18,41,113]} 1. e4 c5 2. f4 g6 3. Nf3 Bg7 4. Nc3 Nc6 5. d3 d6 6. g3 Rb8 7. Bg2 b5 8. O-O Bd7 9. h3 b4 10. Nd5 Nf6 11. Ne3 a5 12. g4 a4 13. e5 Ng8 14. exd6 exd6 15. Nc4 Qc7 16. f5 $16 d5 17. Ne3 Nce7 18. Qe2 Kf8 19. Ng5 Nf6 20. fxg6 hxg6 21. Nxf7 Kxf7 22. Nxd5 Bxg4 23. Qxg4 1/2-1/2

[Event "3rd HoliCup Lake City 2019"]
[Site "Udaipur"]
[Date "2019.03.30"]
[Round "6"]
[White "Arun Kataria"]
[Black "Hitesh, S. Jariya"]
[Result "1-0"]
[WhiteElo "1581"]
[BlackElo "1871"]
[Annotator "NA"]
[PlyCount "105"]
[EventDate "2019.??.??"]
[EventCountry "IND"]
[SourceTitle "playchess.com"]
[Source "ChessBase"]
[SourceQuality "1"]
[TimeControl "5400+30"]

1. e4 c5 2. Nf3 d6 3. d4 cxd4 4. Nxd4 Nf6 5. Nc3 g6 6. Be2 {LiveBook: 1917 Games} Bg7 7. O-O O-O 8. Be3 Nc6 9. f3 d5 10. exd5 {B73: Sicilian Dragon: Classical System without 9 Nb3} Nxd5 11. Nxd5 Qxd5 12. c3 (12. Nxc6 Qxc6 13. c3 e5 14. Qe1 (14. Qb3 Be6 15. Qb5 Qxb5 16. Bxb5 a6 {1-0 (52) Musumeci,V-Del Giudice,S (2058) Salsomaggiore Terme 2006}) 14... Be6 15. Qf2 Rfd8 16. a4 a6 17. a5 Bf8 18. Rfc1 Rac8 19. b4 Bc4 20. Bb6 Rd2 21. Re1 Rxe2 22. Rxe2 Bxe2 23. Qxe2 Qxc3 24. Re1 Bxb4 {0-1 (24) Brunello,M (2354)-Gaponenko,I (2416) Riga 2017}) 12... Nxd4 13. Bxd4 e5 14. Bf2 $146 ({Predecessor:} 14. Be3) 14... Qc6 15. Qc2 Bf5 16. Bd3 Bxd3 17. Qxd3 Rfd8 18. Qc2 b5 19. a3 a5 20. Qe2 a4 21. Rad1 Qc4 22. Qc2 Qb3 23. Qxb3 axb3 24. Bb6 Rdb8 25. Bc7 Rb7 26. Bd6 Rd8 27. Bc5 Rbd7 28. Rxd7 Rxd7 29. Be3 $1 f5 30. Kf2 Kf7 (30... f4 $5 {[%cal Rf4e3]} 31. Bc1 Bf8 $11) 31. Ke2 Ke6 $14 32. Ra1 e4 33. fxe4 fxe4 34. a4 bxa4 35. Rxa4 Rb7 36. Rxe4+ Kd5 37. Kd3 Bxc3 38. Bd4 Bxd4 39. Rxd4+ Ke5 40. Kc3 h5 41. Rb4 Rf7 42. Rb5+ Kf4 43. Kxb3 g5 44. Rc5 h4 45. Kc3 g4 46. Rc4+ Kg5 47. Rd4 Rf1 48. Rd5+ Kg6 49. Rd4 Kg5 50. Rd5+ Kg6 51. Rd4 Kg5 52. Rd5+ Kf4 53. Rh5 1-0

[Event "3rd HoliCup Lake City 2019"]
[Site "Udaipur"]
[Date "2019.03.30"]
[Round "6"]
[White "Awade Pradeep"]
[Black "Dubey Sanchay"]
[Result "0-1"]
[WhiteElo "1548"]
[BlackElo "1828"]
[Annotator "NA"]
[PlyCount "136"]
[EventDate "2019.??.??"]
[EventCountry "IND"]
[SourceTitle "playchess.com"]
[Source "ChessBase"]
[SourceQuality "1"]
[TimeControl "5400+30"]

1. e4 c5 2. Nf3 d6 3. d3 Nc6 4. g3 e6 5. Bg2 Nf6 6. O-O Be7 {LiveBook: 452 Games} 7. Re1 Qc7 8. Nbd2 O-O 9. Nf1 Rb8 10. Nh4 b5 11. f4 $11 Bb7 12. g4 Ne8 13. g5 Qd8 14. Nf3 d5 15. e5 d4 16. Ng3 Nc7 17. Nh4 Nd5 18. Qh5 g6 19. Qg4 Ncb4 20. Qe2 h6 21. Nf3 hxg5 22. fxg5 Ne3 23. Bxe3 dxe3 24. h4 Kg7 25. a3 Nd5 26. Ne4 Qb6 27. Nf6 Rbd8 28. Nxd5 Bxd5 29. Qxe3 c4 30. Qxb6 axb6 31. Nh2 Bc5+ 32. Kf1 cxd3 33. cxd3 Bxg2+ 34. Kxg2 Rxd3 35. Rad1 Rfd8 36. Rxd3 Rxd3 37. Nf3 b4 38. axb4 Bxb4 39. Re2 Kf8 40. Kg3 Ke7 41. Kf4 Bc5 42. Rc2 Rb3 43. Nd2 Be3+ 44. Kg4 Rb4+ 45. Kh3 Bxd2 46. Rxd2 Re4 47. Rd6 b5 48. Rb6 Rxe5 49. Rb7+ Kf8 50. Kg3 Re3+ 51. Kf4 Rb3 52. Ke5 Rxb2 53. Rb8+ Kg7 54. Kd6 b4 55. Ke7 b3 56. Rb4 e5 57. Re4 Rh2 58. Rxe5 Rxh4 59. Rb5 Re4+ 60. Kd6 Re3 61. Rb7 Rf3 62. Ke5 Rf5+ 63. Ke4 Rxg5 64. Rxb3 Rf5 65. Rb1 f6 66. Rb6 Re5+ 67. Kf4 g5+ 68. Kg4 Kg6 0-1

[Event "3rd HoliCup Lake City 2019"]
[Site "Udaipur"]
[Date "2019.03.31"]
[Round "7.1"]
[White "Das, Sayantan"]
[Black "Palit, Somak"]
[Result "1/2-1/2"]
[WhiteElo "2435"]
[BlackElo "2330"]
[Annotator "TA"]
[PlyCount "105"]
[EventDate "2019.??.??"]
[EventCountry "IND"]
[SourceTitle "playchess.com"]
[Source "ChessBase"]
[SourceQuality "1"]

{[%evp 15,105,28,31,31,30,28,35,21,33,25,37,24,21,0,3,0,0,0,26,25,19,0,0,0,0,0,-6,-11,0,0,0,0,0,-8,46,0,45,0,0,0,16,16,39,25,33,29,68,41,113,132,186,193,435,70,88,30,42,42,45,39,54,39,39,39,66,47,47,59,100,37,41,11,15,0,0,0,29,0,44,0,0,0,0,0,0,0,0,0,0,0,0,0]} 1. e4 e5 2. Nf3 Nf6 3. Nxe5 d6 4. Nf3 Nxe4 5. Nc3 Nxc3 6. dxc3 Be7 7. Be3 Nc6 8. Qd2 Be6 9. O-O-O {C42: Petroff Defence: 3 Nxe5 and unusual White 3rd moves} Qd7 ({But not} 9... Bxa2 $2 10. b3 $18) 10. Kb1 (10. a3 a6 11. h4 Bf6 12. Ng5 O-O-O 13. Nxe6 fxe6 14. g3 d5 15. Bh3 Kb8 16. Rhe1 Rhe8 {0-1 (35) Vachier Lagrave,M (2780)-Duda,J (2738) chess.com INT 2019}) 10... Bf6 11. h3 {White is slightly better.} a6 12. g4 h6 13. Bg2 O-O-O 14. Nd4 Nxd4 15. Bxd4 Bxd4 16. Qxd4 f6 $146 ({Predecessor:} 16... f5) 17. Qa7 {[%csl Ga7][%cal Rg2b7]} c6 18. Rd4 Qc7 $1 19. Rb4 d5 20. Bf1 b5 $1 21. Qxa6+ Kd7 {And now ...Ra8 would win.} 22. Qa3 Ra8 23. Qb3 Rhb8 24. Bd3 Qe5 (24... Ke7 $11) 25. f4 Qe3 26. f5 Bg8 27. a4 Kc7 28. Qa3 $36 {[%mdl 2048] White fights for an advantage.} Ra5 29. Rd4 Rba8 {[%cal Rb5a4]} 30. b3 {[%cal Bb2b3,Bb3b4,Bb4b5][%mdl 32]} bxa4 31. b4 R5a7 (31... Qe7 $1 $14) 32. b5 $16 {Black must now prevent Qc5.} Qe8 {[#]} (32... Rb7 $16 {is a better defense.}) 33. Qc5 $1 $18 Rb7 $2 {[#]} (33... Kc8) 34. Rb4 $2 ({White has to play} 34. Rh2 $1 $18 {[%cal Rh2e2] Threatens to win with Re2.} Qd8 35. Qxc6+ Kb8 36. Re2) 34... Rb6 $1 $14 35. Ka1 (35. bxc6 $16 Rab8 36. Kc1) 35... Qf8 36. Qxf8 Rxf8 37. bxc6 Rxb4 38. cxb4 {b5 is the strong threat.} Kxc6 {[%mdl 4096] Endgame KRB-KRB} 39. Kb2 Re8 40. Ra1 Ra8 41. Ka3 Re8 42. Rh1 (42. h4 $16) 42... d4 43. Rb1 Bd5 44. Rg1 Re3 45. Kxa4 Kb6 46. h4 (46. Rf1 {looks sharper.} Bf3 47. Rb1 Bg2 48. b5 Re5 49. Rb4) 46... Bc6+ (46... Re7 {seems wilder.} 47. Ka3 Ra7+ 48. Kb2 Ra2+ 49. Kb1 Ra4) 47. Kb3 (47. b5 $5 {[%cal Rb5c6]} Be4 48. g5 $14) 47... Bb5 {The position is equal.} 48. h5 Bxd3 49. cxd3 Kb5 50. Kc2 Re2+ 51. Kb3 Re3 52. Kc2 Re2+ 53. Kb3 {Accuracy: White = 51%, Black = 52%.} 1/2-1/2

[Event "3rd HoliCup Lake City 2019"]
[Site "Udaipur"]
[Date "2019.03.31"]
[Round "7.2"]
[White "Sauravh, Khherdekar"]
[Black "Muthaiah, Al"]
[Result "0-1"]
[WhiteElo "2272"]
[BlackElo "2426"]
[Annotator "TA"]
[PlyCount "120"]
[EventDate "2019.??.??"]
[EventCountry "IND"]
[SourceTitle "playchess.com"]
[Source "ChessBase"]
[SourceQuality "1"]

{[%evp 21,120,-8,11,8,15,-16,-17,-24,-17,-55,-19,-17,-15,-17,-13,-11,0,-2,-5,-18,-15,-31,-24,-27,-17,-49,-62,-54,-50,-68,-54,-54,-54,-54,-40,-44,-33,-32,-33,-43,-33,-64,-64,-72,-64,-72,-65,-72,-72,-72,-72,-119,-119,-101,-130,-104,-95,-92,-101,-137,1355,-44,-43,-134,-83,-88,-95,-88,-60,-76,-60,-133,-129,-219,-215,-215,-198,-206,-200,-195,-181,-143,0,-120,0,-8,0,0,0,0,0,-29952,-12034,-5093,-5950,-29975,-29976,-29976,-29978,-29978,-29979]} 1. d4 Nf6 2. Bg5 e6 3. Nd2 c5 4. e3 d5 5. c3 Nc6 6. Ngf3 h6 7. Bh4 Be7 8. Bd3 O-O 9. O-O b6 10. Ne5 Bb7 11. f4 {D03: 1 d4 d5 2 Nf3 Nf6 3 Bg5, including Torre Attack with early ...d5} Ne4 {LiveBook: 4 Games} 12. Bxe7 Nxe7 13. Nxe4 {The position is equal.} (13. Bxe4 $5 dxe4 14. dxc5 $11) 13... dxe4 14. Bc4 Bd5 15. Qe2 $146 ({Predecessor:} 15. dxc5 bxc5 16. Bb5 f6 17. Nd7 Rf7 18. c4 Bc6 19. Bxc6 Nxc6 20. Nxc5 {1-0 (44) Svirjov,I (2346)-Pashkov,A (2210) Tallinn 2000}) 15... cxd4 16. exd4 f6 17. Ng4 f5 18. Ne5 Bxc4 19. Qxc4 Qc8 20. Qe2 Nc6 21. Nc4 Qa6 {aiming for ...Na5.} 22. Rfe1 Rac8 {...Nxd4! is the strong threat.} 23. Ne3 Qxe2 24. Rxe2 Ne7 25. g3 Nd5 26. Nxd5 exd5 $15 {[%mdl 4096] Endgame KRR-KRR} 27. Kf2 g5 28. Ke3 Kf7 29. Rf1 {next fxg5 is good for White.} Ke6 30. Ref2 Rc7 31. Rh1 b5 32. a3 a5 33. Ra1 Rb7 34. Rc2 Rc8 35. Rf2 Rg8 36. Rc1 g4 37. Rh1 h5 38. h4 gxh3 39. Rxh3 Rbg7 40. Rxh5 Rg5 $2 {[%mdl 8192]} (40... Rxg3+ $17 41. Ke2 b4 $1 {[%mdl 512]} 42. cxb4 axb4) 41. g4 $2 (41. fxg5 $18 Rd8 42. Rh6+ Kf7 43. Rxf5+ Kg7 44. Rb6) 41... Rxg4 42. Ke2 (42. Rh6+ $15 R8g6 43. Rfh2) 42... Rg2 (42... a4 $142) 43. Rh6+ $17 {[#]} R8g6 $1 44. Rh8 Rxf2+ 45. Kxf2 {KR-KR} Rg4 46. Rb8 (46. Rh6+ $15 Ke7 47. Rh7+ Ke6 48. Rh6+ Kf7 49. Rd6) 46... Rxf4+ 47. Ke2 (47. Ke1 $17) 47... Rh4 48. Rb6+ Kd7 49. Rxb5 Ke6 50. Rb6+ Ke7 51. Rb5 Kf6 ({Better is} 51... a4 $17 {And now ...Kf6 would win.} 52. Rxd5 Kf6) 52. Rxd5 (52. Rxa5 $11 {was the only way to keep the balance.} Ke6 53. Ra6+ Ke7 54. Ra7+ Ke6 55. Ra6+ Ke7 56. Ra7+ Kf6 57. Ra5) 52... Kg5 ({Black should play} 52... Rh2+ $17 53. Ke3 a4) 53. b4 axb4 54. axb4 Rh2+ 55. Kd1 Kf4 {Hoping for ...e3.} 56. b5 $2 {[%mdl 8192] [#]} (56. Kc1 $11) 56... Ke3 $1 {[%cal Re3d3]} 57. Rxf5 Kd3 {( -> ...Rh1+)} 58. Ke1 e3 {Black mates.} 59. b6 Rb2 {[%cal Rb2b1]} 60. Kf1 Rxb6 {Accuracy: White = 37%, Black = 63%.} 0-1

[Event "3rd HoliCup Lake City 2019"]
[Site "Udaipur"]
[Date "2019.03.31"]
[Round "7.3"]
[White "Harikrishnan.A.Ra"]
[Black "Matta, Vinay Kumar"]
[Result "0-1"]
[WhiteElo "2413"]
[BlackElo "2146"]
[Annotator "TA"]
[PlyCount "116"]
[EventDate "2019.??.??"]
[EventCountry "IND"]
[SourceTitle "playchess.com"]
[Source "ChessBase"]
[SourceQuality "1"]

{[%evp 9,116,12,37,38,40,4,8,0,52,52,47,34,44,43,46,42,32,22,25,0,4,0,0,0,0,0,0,-143,-140,-107,-129,-193,-191,-222,-220,-275,-210,-278,-281,-276,-274,-256,-267,-302,-300,-312,-311,-287,-299,-308,-299,-310,-306,-308,-177,-162,-73,-79,-64,-57,-38,-85,-48,-102,-102,-102,-37,-37,-37,-37,-37,-37,-37,-37,-37,-37,0,0,0,-37,-37,-37,-37,-37,-37,-37,-37,-37,-37,-37,-37,-37,0,-8,-18,-80,-143,-611,-494,-546,-466,-466,-466,-29971,-29972,-29975,-29976,-29978,-29972]} 1. Nf3 Nf6 2. c4 g6 3. g3 Bg7 4. Bg2 O-O 5. d4 a6 (5... d5 6. cxd5 Nxd5 7. O-O Nb6 8. Nc3 Nc6 9. e3 e5 10. d5 Na5 11. b3 e4 12. Nd4 Nxd5 13. Nxe4 b6 14. b4 Nxb4 15. Ba3 c5 16. Nxc5 bxc5 17. Bxa8 Ba6 18. Bg2 Bxf1 19. Bxf1 {½-½ (32) Mamedyarov,S (2817)-Radjabov,T (2757) Wijk aan Zee 2019}) 6. Nc3 {E60: King's Indian: Unusual lines and Fianchetto Variation without Nc3} d5 7. O-O dxc4 8. Ne5 $146 {The position is equal.} ({Predecessor:} 8. a4 c6 9. e4 b5 10. axb5 cxb5 11. e5 Ne8 12. Nxb5 axb5 13. Rxa8 Bb7 14. Ra1 Nc7 15. Ra7 {½-½ (66) Vasiliev,S (2150)-Berdychevaskaya,N (2210) Nevinnomyssk 2010}) 8... c5 (8... Ne8 $11) 9. dxc5 $14 Qc7 $1 {[%cal Rc7e5]} 10. Nxc4 Qxc5 11. Na4 Qxc4 12. Nb6 $1 {[%csl LRa8,LRc4][%mdl 64] Double Attack} Qc5 13. Nxa8 Nc6 14. Be3 Qh5 15. f3 Nd5 16. Bf2 Bxb2 17. Rb1 Bg7 $36 {[%mdl 2048] aiming for ...Be6. Black is more active.} 18. Qb3 (18. Rc1 $11) 18... Nc3 $17 {[%mdl 1024] Black has strong compensation.} 19. Rbe1 b5 20. Nb6 (20. f4 $17 {might work better.} Bb7 21. Nc7) 20... Be6 $19 21. Qa3 {[#]} a5 $1 22. g4 Qg5 23. Qc5 Qxc5 24. Bxc5 Bd4+ (24... Nxa2 25. f4 $15) (24... Bxa2 25. Rf2 $17) 25. Bxd4 Nxd4 26. e4 Nc2 ({Less strong is} 26... Nxa2 27. Nd5 $17) (26... Bxa2 27. Rf2 $19) 27. Rc1 Ne2+ {[%mdl 64] Double Attack} 28. Kf2 Nxc1 29. Rxc1 Nb4 30. Bf1 Rb8 ({But not} 30... Nxa2 31. Rc5 $19) 31. Nd5 Bxd5 ({Much less strong is} 31... Nxa2 32. Ra1 $17) (31... Nxd5 $142 32. exd5 Bxd5) 32. exd5 Nxd5 {[%mdl 4096] Endgame KRB-KRN} (32... Nxa2 $19 {and Black stays clearly on top.} 33. Ra1 Nc3 34. Rxa5 b4) 33. Rc5 $17 e6 34. Bxb5 Kf8 35. h4 {[#]} Nc3 $1 {[%mdl 512]} 36. Rxc3 (36. Bf1 $15 Nxa2 37. Rxa5) 36... Rxb5 $15 {KR-KR} 37. Kg3 h6 (37... Rb4 $17 38. Ra3 a4) 38. Rc8+ $1 Kg7 39. Ra8 Rd5 40. Ra7 e5 41. a4 h5 42. g5 Kf8 43. Ra8+ Kg7 44. Ra7 Rd3 45. Re7 Rd4 46. Rxe5 Rxa4 47. Rb5 Ra1 {Hoping for ...Kf8.} 48. Rb8 a4 {[%cal Ba5a4,Ba4a3][%mdl 32]} 49. Ra8 a3 50. Kg2 $1 f5 {Threatens to win with ...a2.} 51. gxf6+ $1 Kxf6 {...a2 is the strong threat.} (51... Kf7 $5 52. Ra6 $8 a2 $11) 52. Ra5 $1 Ke6 {Strongly threatening ...a2.} 53. Kh2 $2 {[%mdl 8192]} (53. Rg5 $17) 53... Kd7 54. Ra6 Kc7 55. Rxg6 Rf1 {And now ...a2 would win.} 56. Rg7+ (56. Ra6 $19 Rxf3 57. Kg2) 56... Kb6 {Black mates.} 57. Rg6+ Kb5 58. Kg2 Rc1 {Accuracy: White = 64%, Black = 62%.} 0-1

[Event "3rd HoliCup Lake City 2019"]
[Site "Udaipur"]
[Date "2019.03.31"]
[Round "7.4"]
[White "Manigandan, S S"]
[Black "Rajesh, V A V"]
[Result "1-0"]
[WhiteElo "2157"]
[BlackElo "2413"]
[Annotator "TA"]
[PlyCount "90"]
[EventDate "2019.??.??"]
[EventCountry "IND"]
[SourceTitle "playchess.com"]
[Source "ChessBase"]
[SourceQuality "1"]

{[%evp 19,90,25,51,8,1,12,13,-66,0,-22,8,8,16,13,13,13,10,7,9,17,89,24,60,65,63,64,50,60,56,59,147,143,212,208,222,220,221,213,269,263,273,264,265,261,261,256,277,219,367,366,356,343,366,337,509,503,479,460,720,707,805,789,736,692,612,610,628,558,1046,994,29977,29979,29946]} 1. d4 Nf6 2. c4 g6 3. Nc3 d5 4. cxd5 Nxd5 5. e4 Nxc3 6. bxc3 Bg7 7. Nf3 O-O 8. Be2 c5 9. Rb1 b6 10. O-O Bb7 11. d5 {D85: Exchange Grünfeld: Unusual White 7th moves and lines with 7 Nf3} Bxc3 12. Bc4 (12. h4 Nd7 13. Bf4 Bg7 14. Bc4 Qc8 15. e5 Ba6 16. Qe2 Bxc4 17. Qxc4 Qb7 18. h5 Rae8 19. hxg6 hxg6 {1-0 (38) Grischuk,A (2766)-Nepomniachtchi,I (2757) chess.com INT 2018}) 12... Bg7 13. e5 (13. Qe2 $11) 13... Ba6 (13... Na6 $1 $15) 14. Qe2 Qc8 15. e6 fxe6 16. Ng5 $1 b5 17. Bxb5 exd5 18. Qxe7 Bxb5 19. Rxb5 {aiming for Rb7.} Qd7 $146 (19... Nc6 $11 20. Qxc5 Rf5) 20. Qxc5 (20. Qe6+ $1 $16 Qxe6 21. Nxe6) 20... h6 {White must now prevent ...Rf5.} 21. Nf3 Rf5 22. Nd4 Na6 23. Qc6 Qxc6 24. Nxc6 {Hoping for Ne7+.} Bf8 {[#]} (24... Re8 $14) 25. Bxh6 $1 $16 {[%mdl 576] Deflection} Bxh6 (25... Rf6 $16 {is a better defense.}) 26. Ne7+ $18 {[%mdl 64] Double Attack} Kg7 {And now ...Rf7 would win.} 27. Nxf5+ gxf5 28. Rxd5 {Rd7+ is the strong threat.} Rf8 29. Rd7+ Rf7 30. Rfd1 Nb8 {[#]} 31. Rxf7+ $1 Kxf7 32. g3 Bg5 33. Rd5 Kg6 (33... Ke6 $142 34. Ra5 Nc6) 34. Rb5 Nc6 35. Rc5 Nb4 36. Ra5 Bd8 (36... f4 $142 37. Rxa7 fxg3 38. hxg3 Bf6) 37. Rxa7 Bb6 38. Rd7 Kg5 (38... Bc5 $142 39. a3 Na6) 39. h4+ Kg4 40. Kg2 f4 41. Rg7+ Kf5 42. Rf7+ Ke5 43. Rxf4 Nxa2 44. h5 Nc3 45. h6 Kd5 {Accuracy: White = 75%, Black = 43%.} 1-0